Artisans of Banaras (Record no. 9704)

MARC details
000 -LEADER
fixed length control field 00667nam a2200253 a 4500
020 ## - INTERNATIONAL STANDARD BOOK NUMBER
ISBN 0691319
082 00 - DEWEY DECIMAL CLASSIFICATION NUMBER
Classification number 306.40954
Author Cutter KUM
100 ## - MAIN ENTRY--AUTHOR NAME
Author name Kumar, Nita
245 ## - TITLE STATEMENT
Title Artisans of Banaras
Sub title Popular Culture and Identity, 1880-1986
260 ## - PUBLICATION, DISTRIBUTION, ETC. (IMPRINT)
Place of publication Princeton
Name of publisher Princeton University Press
Year of publication 1988
300 ## - PHYSICAL DESCRIPTION
Number of Pages 279p
500 ## - GENERAL NOTE
General note includes index and biblioraphy
505 2# - FORMATTED CONTENTS NOTE
Formatted contents note Index
650 ## - SUBJECT ADDED ENTRY--TOPICAL TERM
Topical Term India-Social Life and Customs
650 ## - SUBJECT ADDED ENTRY--TOPICAL TERM
Topical Term Varanasi
942 ## - ADDED ENTRY ELEMENTS (KOHA)
Koha item type Books
700 1# -
-- Kumar, Nita
Holdings
Collection code Home library Current library Date acquired Cost, normal purchase price Full call number Accession Number Koha item type
  Henry Martyn Institute Library Henry Martyn Institute Library 04/04/2007 882.00 306.40954 KUM 015023 Books
                   Copyright © 2026 | Henry Martyn Institute | Hyderabad | TS-500052 | INDIA | Implemented by hmi.edu.in
Hit-Count:

Powered by Koha